00519nam a2200169Ia 4500003000900000008004100009040001600050080001600066100002100082245008600103260004700189300001500236650004100251650001900292650002200311650001600333IN-BaIIA211028s9999 xx 000 0 eng d cIIA Library a523.34bBAL aBaldwin, Ralph B 4aThe face of the mooncRalph B Baldwin  aChicagobUniversity of Chicago Pressc1949 axiv, 239p. aAstronomy and astrophysics thesaurus aMoon - surface aMorphology - moon aPlanet moon